Национальная библиотека; Опыт типологического анализа

Detalles Bibliográficos
Autor principal: Тюлина Н. И. Наталия Ивановна
Otros Autores: Карташов Н. С. (редактор)
Lenguaje:ruso
Publicado: Москва, Книжная палата, 1988
Materias:
Formato: Libro
KOHA link:https://koha.lib.tpu.ru/cgi-bin/koha/opac-detail.pl?biblionumber=71031

MARC

LEADER 00000nam0a2200000 4500
001 71031
005 20231031082239.0
010 |a 5700000490 
035 |a (RuTPU)RU\TPU\book\75608 
090 |a 71031 
100 |a 20041207d1988 km y0rusy50 ca 
101 0 |a rus 
102 |a RU 
105 |a y z 001zy 
200 1 |a Национальная библиотека  |a Опыт типологического анализа  |f Н. И. Тюлина  |g Под ред. Н. С. Карташова 
210 |a Москва  |c Книжная палата  |d 1988 
215 |a 184 с.  |c ил. 
320 |a Библиогр.: с. 176-182 
320 |a Список предлагаемых новых терминов: с. 176 
320 |a Список использованной литературы: с. 177-182 
610 1 |a типологические функции 
610 1 |a типологические функции 
610 1 |a обслуживание населения 
610 1 |a международное сотрудничество 
686 |a Ч734(2)7  |v LBC/SL-A  |2 rubbk 
700 1 |a Тюлина  |b Н. И.  |g Наталия Ивановна 
702 1 |a Карташов  |b Н. С.  |4 340 
801 1 |a RU  |b 63413507  |c 20041207  |g PSBO 
801 2 |a RU  |b 63413507  |c 20060914  |g PSBO 
942 |c BK